Normal view MARC view

Entry Nombre personal

Number of records used in: 25

001 - NÚMERO DE CONTROL

  • campo de control: 50501

003 - IDENTIFICADOR DE NÚMERO DE CONTROL

  • campo de control: OSt

005 - FECHA Y HORA DE LA ÚLTIMA TRANSACCIÓN

  • campo de control: 20250916231907.0

008 - ELEMENTOS DE DATO DE LONGITUD-FIJA

  • campo de control de longitud fija: 920124 n acnnnaaan n ann d

040 ## - FUENTE DE CATALOGACIÓN

  • Centro catalogador/agencia de origen: OSt
  • Centro/agencia transcriptor: OSt

100 1# - ENCABEZAMIENTO-NOMBRE DE PERSONA

  • Nombre de persona: Ferrer-Vidal, Jorge,
  • Fechas asociadas al nombre: 1926-

400 1# - TRAZADO DE VÉASE--NOMBRE DE PERSONA

  • Nombre de persona: Ferrer Vidal, Jorge (
  • Fechas asociadas al nombre: 1926-)

400 1# - TRAZADO DE VÉASE--NOMBRE DE PERSONA

  • Nombre de persona: Ferrer Vidal Turull, Jorge (
  • Fechas asociadas al nombre: 1926-)

400 1# - TRAZADO DE VÉASE--NOMBRE DE PERSONA

  • Nombre de persona: Ferrer-Vidal Turull, Jorge (
  • Fechas asociadas al nombre: 1926-)

400 00 - TRAZADO DE VÉASE--NOMBRE DE PERSONA

  • Nombre de persona: Ferrer Vidal, J.